000 00710nam a2200289Ia 4500
003 OSt
005 20240530111728.0
008 210210b2013 xxu||||| |||| 00| 0 eng d
020 _a8126402814
040 _cAL
041 _aMalayalam
082 _a894.8121 KURO
100 _aKURUP (O N V)
_9168561
245 _aO N Vyute kavithakal bruhadsamaharam Vol II
260 _aKottayam
_bD C Books
_c2013
300 _a1775
650 _aVyute
_9168562
650 _aVol
_9168563
650 _aO
_9168564
650 _aN
_9168565
650 _akavithakal
_9168566
650 _aII
_9168567
650 _abruhadsamaharam
_9168568
690 _aMalayalam
_9168569
906 _a072390
942 _2ddc
_cBK
999 _c122212
_d122212